000 00619nam a2200229 i 4500
001 C2-0344735
003 PPAK
005 20180728145456.0
008 180111s2016 ii |||| ||||| | tam d
040 _aPPAK
_beng
_cPPAK
_erda
082 0 4 _a894.8113
_223
090 0 0 _a894.8113
_bVOR
_dG
100 1 _aVoremdranath, Andamuri,
_eauthor
245 1 0 _aAnthiyil suryothayam
264 1 _aChennai, India :
_bAlliance Company ,
_c2016
300 _a351 pages ;
_c18 cm
336 _2rdacontent
_atext
337 _2rdamedia
_aunmediated
338 _2rdacarrier
_avolume
650 1 0 _aTamil fiction.
942 _ddc
_cB
999 _c141301
_d141301